Tài liệu huấn luyện sản xuất quả an toàn : Dành cho người huấn luyện
Tài liệu đưa ra những nội dung huấn luyện sản xuất an toàn theo GAP; hướng dẫn thực hành sản xuất theo GAP.
Đã lưu trong:
| Hovedforfatter: | |
|---|---|
| Format: | Bog |
| Sprog: | Undetermined |
| Udgivet: |
Thành phố Hồ Chí Minh
Nông nghiệp
2008
|
| Fag: | |
| Tags: |
Tilføj Tag
Ingen Tags, Vær først til at tagge denne postø!
|
| Thư viện lưu trữ: | Trung tâm Học liệu Trường Đại học Cần Thơ |
|---|
| LEADER | 00966nam a2200241Ia 4500 | ||
|---|---|---|---|
| 001 | CTU_169489 | ||
| 008 | 210402s9999 xx 000 0 und d | ||
| 082 | |a 634 | ||
| 082 | |b B120 | ||
| 100 | |a Lê, Văn Bầm | ||
| 245 | 0 | |a Tài liệu huấn luyện sản xuất quả an toàn : | |
| 245 | 0 | |b Dành cho người huấn luyện | |
| 245 | 0 | |c Lê Văn Bầm, Nguyễn Minh Châu (chủ biên) ; Nguyễn Minh Châu ( biên soạn ) ... [ et al. ] | |
| 260 | |a Thành phố Hồ Chí Minh | ||
| 260 | |b Nông nghiệp | ||
| 260 | |c 2008 | ||
| 520 | |a Tài liệu đưa ra những nội dung huấn luyện sản xuất an toàn theo GAP; hướng dẫn thực hành sản xuất theo GAP. | ||
| 526 | |a Global-GAP | ||
| 526 | |b NN668 | ||
| 650 | |a Fruit tree,Cây ăn quả | ||
| 650 | |z Viet Nam | ||
| 904 | |i Liên,QHieu | ||
| 980 | |a Trung tâm Học liệu Trường Đại học Cần Thơ | ||